Skoki Narciarskie - trenerzy Francji - Statystyki

Ogólne statystyki
  • Ten quiz został rozwiązany 12 razy
  • Średni wynik to 4 z 16
Statystyki odpowiedzi
Hint Odpowiedź % Poprawnych
2023- Nicolas Dessum
73%
2011-2013 Matjaž Zupan
45%
2006-2010 Pekka Niemelä
36%
1985-1986 Alois Lipburger
27%
1984-1985 Christian Remy
27%
1986-1987 Christian Remy
27%
1994-2000 Christian Remy
27%
2003-2006 Christian Remy
27%
2020-2022 David Jiroutek
27%
1987-1988 Gérard Colin
18%
2013-2018 Gérard Colin
18%
1988-1994 Franck Salvi
9%
2022-2023 Franck Salvi
9%
2000-2003 Heinz Koch
9%
2010-2011 Julien Eybert Guillon
9%
2018-2020 Nicolas Bal
9%
Nie znaleziono quizów pasujących do podanych kryteriów
Rozkład punktacji
Procent ludzi z każdym wynikiem
Percentyl według liczby udzielonych odpowiedzi
Twoja historia wyników
Nie rozwiązałeś tego quizu